00701nam a2200229 a 4500001001300000003000900013005001700022008004100039020002200080082002000102100001800122245003900140260003800179300000800217500003500225650003000260700001800290902000800308942000700316952013100323999001700454nice12345678IN_TiNIC20260116014811.0111021s2011 newa grp 000 0 eng  a9788189524609c3000a306.098814bAMB aAmbedkar, B R aSpeeches at Round Table Conference aNew Delhi bCritical Quest c2011 a40p aincludes index and biblioraphy aAmbedkar, B.R.-Philosophy1 aAmbedkar, B R bSRS cBK 001040708StackRoom-aHMIbHMId2011-10-21g30.00l1o306.098814 AMBp023672r2020-01-29s2019-07-30v30.00w2011-10-21yBK c17023d17023